Vytvorenie webovej aplikácie pre predmet Matematika 1 vyučovaný na Stavebnej fakulte STU

Salvato in:
Dettagli Bibliografici
Autore principale: Belis, Marek (Autore)
Altri autori: Minarechová, Zuzana (Relatore della tesi)
Natura: Manoscritto Libro
Lingua:slovacco
Pubblicazione: Bratislava : STU v Bratislave FEI, 2024
Soggetti:
Accesso online:https://opac.crzp.sk/?fn=detailBiblioFormChildEON1I&sid=925BFB95FAA30F229196CE019F0C&seo=CRZP-detail-kniha
Tags: Aggiungi Tag
Nessun Tag, puoi essere il primo ad aggiungerne!!

MARC

LEADER 00000ntm a22000003a 4500
001 stuzp92788
003 SK-STU
005 20250402132051.6
007 ta
008 150427s2015----xo-----f-mn---000-0-slo-d
040 |a STU  |b slo 
041 0 |a slo 
044 |a xo 
100 1 |a Belis, Marek  |u 010220  |4 aut  |U SvF Stavebná fakulta  |T SvF Katedra matematiky a deskriptívnej geometrie  |X 111174  |U V220  |Y 23  |7 111174 
242 0 1 |a Creating of a web application for Mathematics 1 at the Faculty of Civil Engineering of STU  |y eng 
245 1 0 |a Vytvorenie webovej aplikácie pre predmet Matematika 1 vyučovaný na Stavebnej fakulte STU 
260 |a Bratislava :  |b STU v Bratislave FEI,  |c 2024 
300 |a 51 s. 
650 4 |a funkcie jednej reálnej premennej  |2 slo 
650 4 |a webová aplikácia  |2 slo 
650 4 |a html  |2 slo 
650 4 |a javascript  |2 slo 
650 4 |a lineárna algebra  |2 slo 
650 4 |a functions of one real variable  |2 eng 
650 4 |a html  |2 eng 
650 4 |a javascript  |2 eng 
650 4 |a web application  |2 eng 
650 4 |a linear algebra  |2 eng 
700 1 |a Minarechová, Zuzana  |u 010220  |k Z1  |4 ths  |U SvF Stavebná fakulta  |T SvF Katedra matematiky a deskriptívnej geometrie  |X 10047  |U V220  |Y 23  |7 A000010047 
856 4 |u https://opac.crzp.sk/?fn=detailBiblioFormChildEON1I&sid=925BFB95FAA30F229196CE019F0C&seo=CRZP-detail-kniha